Recursos financieros y reales para el desarrollo / (Registro nro. 8756)

Detalles MARC
000 -LEADER
fixed length control field 01057nam a2200241Ia 4500
003 - CONTROL NUMBER IDENTIFIER
control field OSt
005 - DATE AND TIME OF LATEST TRANSACTION
control field 20211116144324.0
008 - FIXED-LENGTH DATA ELEMENTS--GENERAL INFORMATION
fixed length control field 210310s1965 mx fr 000 0 spa d
040 ## - CATALOGING SOURCE
Original cataloging agency CO-JMCR
Transcribing agency CO-JMCR
041 0# - LANGUAGE CODE
Language code of text/sound track or separate title spa
082 04 - DEWEY DECIMAL CLASSIFICATION NUMBER
Classification number 330.4 /
Item number A237r
Edition number 23
100 1# - MAIN ENTRY--PERSONAL NAME
Personal name Adler, John H.,
9 (RLIN) 18197
Relator term autor
245 10 - TITLE STATEMENT
Title Recursos financieros y reales para el desarrollo /
Statement of responsibility, etc. John H. Adler
250 ## - EDITION STATEMENT
Edition statement Segunda edición
260 ## - PUBLICATION, DISTRIBUTION, ETC.
Place of publication, distribution, etc. México :
Name of publisher, distributor, etc. Centro de Estudios Monetarios Latinoamericanos,
Date of publication, distribution, etc. 1965
300 ## - PHYSICAL DESCRIPTION
Extent 190 páginas ;
Dimensions 22 cm.
500 ## - GENERAL NOTE
General note Incluyen notas a pie de página.
505 0# - FORMATTED CONTENTS NOTE
Formatted contents note Planes, proyectos y prioridades -- La política fiscal en un país en desarrollo -- Los gastos fiscales y el desarrollo económico -- El gasto deficitario y las elasticidades de la oferta -- La inflación "momentánea" y el desarrollo económico -- Los recursos naturales y las distintas etapas del desarrollo económico
650 14 - SUBJECT ADDED ENTRY--TOPICAL TERM
Topical term or geographic name entry element Desarrollo económico
9 (RLIN) 18199
650 24 - SUBJECT ADDED ENTRY--TOPICAL TERM
Topical term or geographic name entry element Países en desarrollo
9 (RLIN) 2059
650 24 - SUBJECT ADDED ENTRY--TOPICAL TERM
Topical term or geographic name entry element Finanzas
9 (RLIN) 41533
942 ## - ADDED ENTRY ELEMENTS (KOHA)
Source of classification or shelving scheme Dewey Decimal Classification
Koha item type Books
Existencias
Withdrawn status Lost status Source of classification or shelving scheme Damaged status Not for loan Collection code Home library Current library Date acquired Source of acquisition Full call number Barcode Date last seen Copy number Koha item type
    Dewey Decimal Classification     Non-fiction Biblioteca Pública José María del Castillo y Rada Biblioteca Pública José María del Castillo y Rada 04/15/2018 Donación 330.4 / A237r 430004919 05/16/2024 Ej.1 Books